000 00728nam a22002177a 4500
999 _c7554
_d7554
003 OSt
005 20211130111346.0
008 211130b ||||| |||| 00| 0 eng d
020 _a9780071317627
040 _cDDC
082 _a310 DOA 2013
100 _aDoane, David P; Lori E. Seward.
_915460
245 _a Applied statistics in business and economics
260 _a New York :
_b McGraw-Hill/Irwin;
_c ©2013.
300 _axxv,830p:
_b illustrations (some color) ;
_c29cm,
504 _a Includes bibliographical references and index.
650 _aCommercial statistics.
_95297
650 _aManagement -- Statistical methods.
_915461
650 _aEconomics -- Statistical methods.
_914181
942 _2ddc
_cBOOK